کلا م نہا ل / (Record no. 104261)

MARC details
000 -LEADER
fixed length control field 00699nam a22001937a 4500
005 - DATE AND TIME OF LATEST TRANSACTION
control field 20230216104958.0
010 ## - LCCN (DPL NO)
LC control number UR-9534
020 ## - INTERNATIONAL STANDARD BOOK NUMBER
International Standard Book Number 9789350738214
Terms of availability 200.00
035 ## - SYSTEM CONTROL NUMBER
System control number U-8089
037 ## - SOURCE OF ACQUISITION
Source of stock number/acquisition DBAD/PUB
082 ## - DEWEY DECIMAL CLASSIFICATION NUMBER
Classification number 841
100 ## - MAIN ENTRY--PERSONAL NAME
Personal name قادری ، منیر محی الد ین
245 ## - TITLE STATEMENT
Title کلا م نہا ل /
Statement of responsibility, etc منیر محی الد ین قادری
246 ## - VARYING FORM OF TITLE
Title proper/short title Kalam-e-Nehal /
Remainder of title By Muneer Mohiuddin Quadri
260 ## - PUBLICATION, DISTRIBUTION, ETC. (IMPRINT)
Place of publication, distribution, etc دہلی
Name of publisher, distributor, etc ا یجو کیشنل پبلشنگ ہا ؤ س
Date of publication, distribution, etc 2016 ء
270 ## - ADDRESS
Address ٣١٩١،وکیل سٹریٹ،کچہ پنڈت ، لال کان
City دھلی
Postal code 110006
Telephone number 23216162
300 ## - PHYSICAL DESCRIPTION
Extent 206 ص
Dimensions 22cm(Hb)
942 ## - ADDED ENTRY ELEMENTS (KOHA)
Source of classification or shelving scheme Dewey Decimal Classification
Item type Urdu Bks
Classification part 841
Call number suffix ق ا د
Holdings
Withdrawn status Lost status Not for loan Collection code Home library Current library Date acquired Source of acquisition Cost, normal purchase price Full call number Barcode Copy number Cost, replacement price Koha item type
      Non-fiction Patel Nagar Patel Nagar 25/10/2016 DBAD/PUB 200.00 841 ق ا د U-8089 1 200.00 Urdu Bks

© Delhi Public Library
Hit Counter
free hit counter